[Event "Bundesliga 2016-17"]
[Site "Berlin GER"]
[Date "2017.04.30"]
[Round "14.8"]
[White "Predojevic,B"]
[Black "Aronian,L"]
[Result "0-1"]
[WhiteElo "2640"]
[BlackElo "2795"]
[EventType "team"]

1.e4 g6 2.d4 Bg7 3.Nf3 d6 4.c3 Nf6 5.Bd3 O-O 6.O-O Nc6 7.Re1 e5 8.h3 Re8 9.d5
Ne7 10.c4 h6 11.Nc3 Nd7 12.Rb1 a5 13.a3 f5 14.b4 b6 15.Qc2 Rf8 16.Bb2 f4
17.Nb5 g5 18.Be2 Ng6 19.Nd2 Kh8 20.Rec1 a4 21.Bg4 Nf6 22.Bxc8 Rxc8 23.f3 h5
24.Kf2 g4 25.Rh1 g3+ 26.Ke2 Nh4 27.Rhg1 Qd7 28.Na7 Rce8 29.Nc6 Nxg2 30.Rxg2
Qxh3 31.Rgg1 Ng4 32.Kd3 h4 33.Kc3 g2 34.Qxa4 Nf2 35.Kc2 Qg3 36.Qb3 Nh3 {#R}
0-1

[Event "Bundesliga 2016-17"]
[Site "Berlin GER"]
[Date "2017.04.30"]
[Round "14.8"]
[White "Anand,V"]
[Black "L'Ami,E"]
[Result "1-0"]
[WhiteElo "2776"]
[BlackElo "2605"]
[EventType "team"]

1.e4 e5 2.Nf3 Nc6 3.Bb5 Bc5 4.c3 f5 5.d4 fxe4 6.Bxc6 dxc6 7.Nxe5 Bd6 8.Qh5+ g6
9.Qe2 Bf5 10.h3 Qe7 11.Bf4 Nf6 12.Nd2 O-O-O 13.O-O Rhg8 14.Bh2 h5 15.Ndc4 Nd5
16.f3 exf3 17.Qxf3 Bxe5 18.Nxe5 Qh7 19.c4 Ne7 20.Rad1 Kb8 21.g4 hxg4 22.hxg4
Be6 23.Qf6 Bc8 24.Nf7 Rd7 25.Ng5 Qh4 26.Qf4 Rh8 27.Bg3 Qh6 28.Kg2 b6 29.Qe5
Re8 30.Rh1 Qf8 31.Ne6 {#r} 1-0

[Event "Bundesliga 2016-17"]
[Site "Berlin GER"]
[Date "2017.04.30"]
[Round "14.8"]
[White "Handke,F"]
[Black "Naiditsch,A"]
[Result "0-1"]
[WhiteElo "2514"]
[BlackElo "2684"]
[EventType "team"]

1.e4 e6 2.d4 d5 3.Nc3 Nf6 4.e5 Nfd7 5.f4 c5 6.Nf3 a6 7.Be3 Qb6 8.Na4 Qa5+ 9.c3
cxd4 10.b4 Qc7 11.Bxd4 Nc6 12.Rc1 b5 13.Nb2 Nb6 14.Bf2 Nc4 15.Nxc4 dxc4 16.Be2
Bb7 17.O-O Rd8 18.Qc2 Be7 19.a4 O-O 20.a5 Rd5 21.Bb6 Qc8 22.Nd2 Nb8 23.Ne4 Nd7
24.Bd4 Bxb4 25.Ng5 g6 26.cxb4 Rxd4 27.Qc3 Rd5 28.Qh3 h5 29.Bxh5 Kg7 30.Bf3 Rh8
31.Nxe6+ fxe6 32.Qxe6 Re8 33.Qg4 Rd2 34.Bxb7 Qxb7 35.Rc3 Qe4 36.Rg3 Rf8 37.h4
Nxe5 38.Qg5 Nf7 39.Qg4 Nh6 40.Qg5 Rd3 {#R} 0-1

[Event "Frauenbundesliga 2016-17"]
[Site "Germany GER"]
[Date "2017.04.30"]
[Round "10.1"]
[White "Kosteniuk,A"]
[Black "Majdan,J"]
[Result "1-0"]
[WhiteElo "2537"]
[BlackElo "2365"]

1.e4 c5 2.c3 Nf6 3.e5 Nd5 4.Nf3 e6 5.Bc4 d6 6.d4 cxd4 7.cxd4 Be7 8.O-O Nc6
9.Qe2 O-O 10.Nc3 Nxc3 11.bxc3 dxe5 12.dxe5 Qa5 13.a4 Rd8 14.Qe4 Qxc3 15.Bg5
Bxg5 16.Nxg5 h6 17.Qh7+ Kf8 18.Rad1 hxg5 19.Rxd8+ Nxd8 20.Rd1 Nc6 21.Bb5 Qb3
22.Qh5 g4 23.Qh8+ Ke7 24.Qh4+ f6 25.exf6+ gxf6 26.Qh7+ Kf8 27.Qh8+ Kf7 28.Qh7+
Kf8 29.Qh8+ Kf7 30.Be2 f5 31.h4 Qc2 32.Qh7+ Kf6 33.Bxg4 Ne7 34.Qh8+ {#r} 1-0

[Event "Frauenbundesliga 2016-17"]
[Site "Germany GER"]
[Date "2017.04.30"]
[Round "10.3"]
[White "Muzychuk,M"]
[Black "Lubbe,Melanie"]
[Result "1-0"]
[WhiteElo "2532"]
[BlackElo "2278"]

1.e4 c5 2.Nf3 d6 3.d4 cxd4 4.Nxd4 Nf6 5.Nc3 Nc6 6.Bg5 e6 7.Qd2 a6 8.O-O-O Bd7
9.f4 b5 10.Qe1 Nxd4 11.Rxd4 Qb6 12.Qd2 Bc6 13.Bxf6 gxf6 14.Be2 h5 15.Bf3 O-O-O
16.Kb1 Be7 17.h4 Bb7 18.Rd1 Kb8 19.Ne2 f5 20.exf5 Bxf3 21.gxf3 Bxh4 22.a4 Bf2
23.Rb4 Bc5 24.Rb3 b4 25.fxe6 fxe6 26.Nd4 Rde8 27.a5 Qc7 28.c3 h4 29.cxb4 Bxd4
30.Qxd4 d5 31.Rc1 Qh7+ 32.Ka2 h3 33.b5 axb5 34.Rxb5+ Ka8 35.Qb6 Rb8 36.Qa6+
Qa7 37.Qc6+ Rb7 38.a6 {#r} 1-0

[Event "Frauenbundesliga 2016-17"]
[Site "Germany GER"]
[Date "2017.04.30"]
[Round "10.4"]
[White "Osmanodja,F"]
[Black "Mader,Ma"]
[Result "1-0"]
[WhiteElo "2299"]
[BlackElo "2170"]

1.e4 c6 2.d4 d5 3.e5 Bf5 4.Nd2 e6 5.Nb3 Ne7 6.Nf3 Bg6 7.Be2 Nf5 8.O-O Be7 9.a4
O-O 10.a5 Nd7 11.c4 dxc4 12.Bxc4 Bh5 13.Be2 c5 14.Bf4 cxd4 15.Nfxd4 Bxe2
16.Qxe2 Nc5 17.Nxf5 Nxb3 18.Rad1 Qc7 19.Nxe7+ Qxe7 20.Qb5 Nc5 21.b4 Na6 22.Rd6
Nb8 23.Rfd1 a6 24.Qc5 Qe8 25.Bg5 Nc6 26.Rd7 f6 27.exf6 gxf6 28.Bh6 Rf7 29.R7d3
Rd8 30.Qh5 Rxd3 31.Rxd3 Ne5 32.Rg3+ Ng6 33.Rxg6+ hxg6 34.Qxg6+ Kh8 35.Bg7+ Kg8
36.Bxf6+ {#r} 1-0

[Event "Frauenbundesliga 2016-17"]
[Site "Germany GER"]
[Date "2017.04.30"]
[Round "10.5"]
[White "Hund,Sarah"]
[Black "Melamed,T"]
[Result "0-1"]
[WhiteElo "1891"]
[BlackElo "2331"]

1.e4 c5 2.Nc3 d6 3.f4 g6 4.Nf3 Bg7 5.Bc4 Nc6 6.a4 Nf6 7.d3 O-O 8.O-O Nd4 9.Kh1
Bg4 10.Be3 e6 11.Bxd4 cxd4 12.Ne2 d5 13.exd5 Nxd5 14.Bxd5 Qxd5 15.h3 Bxf3
16.Rxf3 Rac8 17.Ng3 Rc6 18.Rf2 f5 19.Ne2 Rfc8 20.Ng1 Bh6 21.Qe2 Rxc2 22.Qxc2
Rxc2 23.Rxc2 Bxf4 24.Ne2 Be3 25.b4 Qb3 26.Rc8+ Kg7 27.Rc7+ Kh6 28.Rxb7 Qb2
29.Re1 Qd2 {#R} 0-1

[Event "Frauenbundesliga 2016-17"]
[Site "Germany GER"]
[Date "2017.04.30"]
[Round "10.4"]
[White "Vidonyak,N"]
[Black "Jelica,M"]
[Result "0-1"]
[WhiteElo "2123"]
[BlackElo "2099"]

1.b3 g6 2.Bb2 Nf6 3.e4 Bg7 4.e5 Nd5 5.c4 Nb4 6.Bc3 c5 7.e6 f6 8.exd7+ Bxd7
9.d4 Bf5 10.Na3 Qa5 11.Nb5 cxd4 12.Nxd4 Qe5+ 13.Be2 Nc2+ 14.Kf1 Nxa1 15.Ngf3
Qc5 16.Nxf5 Qxf5 17.Nd4 Qd7 18.Bf3 Nc6 19.Qxa1 Nxd4 20.Bxd4 O-O 21.h4 Rfd8
22.Bc3 Rac8 23.h5 b5 24.hxg6 hxg6 25.Be2 bxc4 26.bxc4 Kf7 27.Kg1 Rh8 28.Rxh8
Rxh8 29.Bf1 Qc7 30.f3 Bh6 31.Bd4 Bf4 32.c5 Bg3 33.Qc1 Qd8 34.Bc4+ Kg7 35.Qe3
Rh4 36.Bc3 Rxc4 37.Bd2 Rc1+ {#R} 0-1

[Event "Frauenbundesliga 2016-17"]
[Site "Germany GER"]
[Date "2017.04.30"]
[Round "10.5"]
[White "Zpevakova,J"]
[Black "Horvath,Maria AUT"]
[Result "1-0"]
[WhiteElo "2041"]
[BlackElo "1979"]

1.d4 d5 2.c4 c6 3.Nf3 Nf6 4.Nc3 dxc4 5.a4 Bf5 6.Ne5 e6 7.Nxc4 Bb4 8.Bg5 h6
9.Bxf6 Qxf6 10.e3 Nd7 11.a5 O-O 12.Qb3 Qe7 13.Be2 c5 14.O-O cxd4 15.exd4 Bxc3
16.bxc3 Be4 17.Ne3 Rac8 18.f3 Bc6 19.c4 Nf6 20.Rfe1 Rfd8 21.Rad1 Qd7 22.Qb2
Qc7 23.Qa1 Qf4 24.Bf1 Rd6 25.Nc2 Qg5 26.Re5 Qh4 27.g3 {#r} 1-0

[Event "Frauenbundesliga 2016-17"]
[Site "Germany GER"]
[Date "2017.04.30"]
[Round "10.1"]
[White "Endress,A"]
[Black "Richterova,Natasa"]
[Result "1-0"]
[WhiteElo "2122"]
[BlackElo "2186"]

1.e4 d6 2.d4 Nf6 3.Nc3 Nbd7 4.f4 e5 5.Nf3 exf4 6.Bxf4 Nb6 7.Qd2 Be7 8.d5 O-O
9.O-O-O Nbd7 10.h3 Nh5 11.Bh2 Ne5 12.Kb1 Ng6 13.g4 Nf6 14.g5 Nd7 15.h4 Nge5
16.Nd4 a6 17.Rg1 Rb8 18.h5 g6 19.hxg6 hxg6 20.Bf4 Kg7 21.Rh1 Rh8 22.Bg2 Nb6
23.Rxh8 Qxh8 24.Rh1 Qd8 25.Bf1 Bg4 26.Qh2 Bh5 27.Be2 Bxg5 28.Bxh5 gxh5 29.Nf5+
Kf8 30.Qxh5 Bf6 31.Qh8+ {#r} 1-0

[Event "Frauenbundesliga 2016-17"]
[Site "Germany GER"]
[Date "2017.04.30"]
[Round "10.6"]
[White "Kube,H"]
[Black "Tran,My Linh"]
[Result "0-1"]
[WhiteElo "1923"]
[BlackElo "1990"]

1.c4 Nf6 2.Nc3 g6 3.g3 Bg7 4.Bg2 O-O 5.e4 d6 6.Nge2 e5 7.d3 Nbd7 8.O-O Ne8
9.f4 f5 10.Be3 Ndf6 11.h3 c6 12.Qd2 Be6 13.Rad1 fxe4 14.fxe5 dxe5 15.Nxe4 Nxe4
16.Rxf8+ Bxf8 17.Bxe4 Bxh3 18.Bh6 Nd6 19.Nc3 Qd7 20.Qg5 Nf7 21.Qh4 Bxh6 22.Bd5
cxd5 23.Nxd5 Bg5 24.Qe4 Qg4 {#R} 0-1

[Event "Frauenbundesliga 2016-17"]
[Site "Germany GER"]
[Date "2017.04.30"]
[Round "10.4"]
[White "Boehm,Jana"]
[Black "Schmidt,Jad"]
[Result "1-0"]
[WhiteElo "1904"]
[BlackElo "2082"]

1.e4 c5 2.Nf3 d6 3.d4 cxd4 4.Nxd4 Nf6 5.Nc3 Nc6 6.Bg5 e6 7.Qd2 a6 8.O-O-O Bd7
9.Kb1 b5 10.f3 Be7 11.h4 h6 12.Be3 Ne5 13.g4 b4 14.Nce2 Nc4 15.Qd3 Bb5 16.Nxb5
axb5 17.Nc1 Nd7 18.Qb3 Nxe3 19.Qxe3 Qa5 20.f4 Nc5 21.Bg2 Ra7 22.e5 d5 23.f5
Nd7 24.g5 Nb6 25.fxe6 fxe6 26.Qh3 hxg5 27.Qxe6 gxh4 28.Qc6+ Nd7 29.e6 Rh6
30.Qc8+ Bd8 31.exd7+ Kf8 32.Qc5+ Kg8 33.Qxd5+ Kh8 34.Rde1 {#r} 1-0

[Event "Vugar Gashimov Mem 2017"]
[Site "Shamkir AZE"]
[Date "2017.04.29"]
[Round "8.2"]
[White "Kramnik,V"]
[Black "Adams,Mi"]
[Result "1-0"]
[WhiteElo "2811"]
[BlackElo "2761"]

1.e4 e5 2.Nf3 Nc6 3.Bc4 Bc5 4.O-O Nf6 5.d3 d6 6.c3 h6 7.Re1 O-O 8.Nbd2 a6
9.Nf1 Re8 10.a4 Ba7 11.b4 Be6 12.Bxe6 Rxe6 13.Be3 Qd7 14.b5 Ne7 15.bxa6 bxa6
16.Bxa7 Rxa7 17.Qb3 c6 18.Rab1 Ng6 19.g3 a5 20.Ne3 Re8 21.Nc4 Kh7 22.Qc2 Qe6
23.Ne3 d5 24.Kg2 Kg8 25.h4 Rd7 26.c4 Red8 27.cxd5 cxd5 28.Rb5 Ne7 29.Rc5 Rd6
30.Rc1 Ra6 31.Qb2 Ng6 32.Qb7 Ne7 33.Nf5 Rd7 34.Rc7 Rb6 35.Qa7 Ra6 36.Qb8+ Kh7
37.Rc8 Ng6 38.Rh1 Nh5 39.Ng5+ hxg5 40.hxg5 Nf4+ 41.gxf4 {#r} 1-0

[Event "Vugar Gashimov Mem 2017"]
[Site "Shamkir AZE"]
[Date "2017.04.29"]
[Round "8.3"]
[White "Wojtaszek,R"]
[Black "Mamedyarov,S"]
[Result "1-0"]
[WhiteElo "2745"]
[BlackElo "2772"]

1.Nf3 Nf6 2.c4 g6 3.Nc3 d5 4.cxd5 Nxd5 5.Qb3 Nb6 6.d4 Bg7 7.e4 Bg4 8.Bb5+ c6
9.Ng5 O-O 10.Be2 Bxe2 11.Nxe2 Na6 12.Qh3 h6 13.Nf3 h5 14.Rg1 Nb4 15.g4 Qd7
16.Qh4 Nc2+ 17.Kf1 Nxd4 18.Nexd4 Bxd4 19.gxh5 Bf6 20.Bg5 Bxb2 21.Re1 Qd3+
22.Kg2 f6 23.Bh6 g5 24.Nxg5 Rf7 25.Nxf7 Kxf7 26.Re3 Qc2 27.Rg3 Bd4 28.Rg7+ Ke6
29.Qg4+ Kd6 30.Be3 Bxe3 31.Qg3+ {#r} 1-0

[Event "ch-CZE 2017"]
[Site "Ostrava CZE"]
[Date "2017.04.29"]
[Round "1.1"]
[White "Navara,D"]
[Black "Worek,J"]
[Result "1-0"]
[WhiteElo "2732"]
[BlackElo "2330"]

1.c4 c5 2.Nf3 Nc6 3.Nc3 e5 4.g3 g6 5.Bg2 Bg7 6.d3 h6 7.O-O d6 8.Ne1 Nf6 9.Nc2
O-O 10.Rb1 Be6 11.b4 Qd7 12.Nd5 Bxd5 13.cxd5 Ne7 14.e4 Ne8 15.Ne3 b6 16.bxc5
bxc5 17.Nc4 g5 18.Qb3 Nc7 19.Bd2 Rfc8 20.Ba5 Ng6 21.Qb7 Bf8 22.Bxc7 Qxc7
23.Bh3 Qxb7 24.Rxb7 Rd8 25.Rfb1 h5 26.Bd7 Ne7 27.Na5 g4 28.Nc6 Nxc6 29.dxc6 a6
30.Bf5 {#r} 1-0

[Event "ch-CZE 2017"]
[Site "Ostrava CZE"]
[Date "2017.04.29"]
[Round "1.2"]
[White "Kovar,V"]
[Black "Hracek,Z"]
[Result "0-1"]
[WhiteElo "2326"]
[BlackElo "2610"]

1.d4 Nf6 2.c4 e6 3.Nc3 Bb4 4.f3 O-O 5.e4 d5 6.e5 Nfd7 7.a3 Bxc3+ 8.bxc3 dxc4
9.h4 Nb6 10.Nh3 c5 11.Bg5 Qc7 12.Nf2 cxd4 13.cxd4 Nd5 14.Ne4 Nd7 15.Qc1 b5
16.Rh3 f6 17.exf6 N7xf6 18.Nxf6+ Nxf6 19.Bf4 Qe7 20.a4 e5 {#R} 0-1

[Event "ch-CZE 2017"]
[Site "Ostrava CZE"]
[Date "2017.04.29"]
[Round "1.3"]
[White "Stocek,J"]
[Black "Malik,J"]
[Result "1-0"]
[WhiteElo "2560"]
[BlackElo "2290"]

1.d4 d5 2.Nf3 e6 3.c4 c6 4.Bg5 Nf6 5.e3 Qa5+ 6.Nbd2 Ne4 7.Bf4 g5 8.Bxg5 dxc4
9.Bh4 b5 10.Qc2 f5 11.Be2 Bb4 12.a3 c5 13.Rd1 Bxd2+ 14.Nxd2 Bb7 15.Bh5+ Kf8
16.O-O cxd4 17.exd4 Nxd2 18.Rxd2 Bd5 19.Re2 Rg8 20.f3 Qc7 21.Qd2 Nc6 22.Bf6
Rg7 23.Rfe1 Qd7 24.Qh6 Nd8 25.Re5 Nc6 26.Rxd5 {#r} 1-0

[Event "ch-CZE 2017"]
[Site "Ostrava CZE"]
[Date "2017.04.29"]
[Round "1.6"]
[White "Jurek,J"]
[Black "Cvek,R"]
[Result "0-1"]
[WhiteElo "2277"]
[BlackElo "2518"]

1.d4 Nf6 2.Nf3 e6 3.c4 Bb4+ 4.Nbd2 O-O 5.a3 Be7 6.e4 d6 7.Bd3 Nfd7 8.O-O e5
9.d5 a5 10.b3 c6 11.Bb2 c5 12.Ne1 Na6 13.Nc2 Bg5 14.Nf3 Bh6 15.Bc3 Rb8 16.Qe1
b6 17.Kh1 g6 18.Ng1 Nc7 19.b4 axb4 20.axb4 b5 21.Qe2 Ba6 22.Rfb1 bxc4 23.Bxc4
Bxc4 24.Qxc4 Nb5 25.Be1 Nd4 26.bxc5 Nxc5 27.Nxd4 exd4 28.e5 Rc8 29.Nf3 Nd7
30.Qxd4 Bg7 31.Ba5 Qe8 32.Ra4 Nxe5 33.Nxe5 Bxe5 34.Qd1 Ra8 35.Rbb4 Bc3 36.Re4
Rxa5 {#R} 0-1

[Event "ch-CZE 2017"]
[Site "Ostrava CZE"]
[Date "2017.04.29"]
[Round "1.8"]
[White "Kozusek,Daniel"]
[Black "Kislinsky,A"]
[Result "0-1"]
[WhiteElo "2264"]
[BlackElo "2481"]

1.d4 Nf6 2.Bf4 d6 3.Nf3 g6 4.e3 Bg7 5.h3 O-O 6.Be2 Nbd7 7.O-O c5 8.c3 b6
9.Nbd2 Bb7 10.a4 a6 11.Qb1 Rc8 12.Rd1 Rc7 13.Bh2 Qa8 14.Qa2 Bh6 15.Rac1 Nd5
16.Kh1 Rfc8 17.e4 Nf4 18.Bc4 e6 19.d5 exd5 20.exd5 Nf6 21.Re1 Bxd5 22.Bxd5
Qxd5 23.c4 Qc6 24.Bxf4 Bxf4 25.Rcd1 Re8 26.Rxe8+ Qxe8 27.Re1 Re7 28.Rxe7 Qxe7
29.a5 Bxd2 30.Nxd2 Qe1+ 31.Kh2 Qxd2 32.axb6 a5 {#R} 0-1

[Event "ch-CZE 2017"]
[Site "Ostrava CZE"]
[Date "2017.04.29"]
[Round "1.9"]
[White "Simacek,P"]
[Black "Freisler,P"]
[Result "1-0"]
[WhiteElo "2480"]
[BlackElo "2256"]

1.e4 e5 2.Nf3 Nc6 3.d4 exd4 4.Nxd4 Bb4+ 5.c3 Bc5 6.Be3 Bb6 7.Bb5 Nge7 8.O-O
O-O 9.Qa4 Nxd4 10.cxd4 d5 11.f3 c6 12.Be2 Re8 13.e5 Nf5 14.Bf2 Qg5 15.Re1 Re6
16.Nc3 Rh6 17.Nxd5 Bxd4 18.Bxd4 Qh4 19.Kf1 Nxd4 20.Rad1 Be6 21.Rxd4 Qxh2
22.Ne7+ Kh8 23.Red1 Bd5 24.Nxd5 Qg3 25.Kg1 Rh2 26.Bf1 cxd5 27.Rg4 Qxe5 28.Qd4
{#r} 1-0

[Event "ch-CZE 2017"]
[Site "Ostrava CZE"]
[Date "2017.04.29"]
[Round "1.13"]
[White "Haba,P"]
[Black "Machycek,L"]
[Result "1-0"]
[WhiteElo "2458"]
[BlackElo "2222"]

1.e4 c5 2.Nf3 Nc6 3.d4 cxd4 4.Nxd4 Nf6 5.Nc3 d6 6.Bg5 e6 7.Qd2 a6 8.O-O-O Bd7
9.f4 b5 10.Bxf6 gxf6 11.Kb1 Qb6 12.Nxc6 Bxc6 13.f5 O-O-O 14.Bd3 h5 15.Rhf1 Bh6
16.Qe1 e5 17.Rf3 Kd7 18.Bf1 h4 19.Nd5 Bxd5 20.Rxd5 Ke7 21.Rb3 Qg1 22.a4 bxa4
23.Rb7+ Kf8 24.Rd1 Qc5 25.Qxh4 Kg7 26.Qh5 Rdf8 27.Qg6# 1-0

[Event "ch-CZE 2017"]
[Site "Ostrava CZE"]
[Date "2017.04.29"]
[Round "1.14"]
[White "Sikorova,O"]
[Black "Jansa,Vl"]
[Result "0-1"]
[WhiteElo "2206"]
[BlackElo "2446"]

1.c4 g6 2.Nc3 c5 3.g3 Bg7 4.Bg2 Nc6 5.d3 a6 6.e4 Rb8 7.a4 Nf6 8.Nge2 O-O 9.Be3
d6 10.h3 Ne8 11.O-O Nd4 12.Rb1 Bd7 13.Bd2 Nc7 14.b4 b5 15.axb5 axb5 16.Nxd4
Bxd4 17.Ne2 Bg7 18.bxc5 dxc5 19.Be3 Ne6 20.f4 Qa5 21.e5 b4 22.Ra1 Qc7 23.Qb3
Rfd8 24.Bd5 Bc6 25.Ra2 Qb6 26.Rfa1 Nc7 27.Bxc6 Qxc6 28.Kf2 f6 29.d4 cxd4
30.Nxd4 Qe4 31.c5+ Kh8 32.Qc2 Rxd4 33.Bxd4 Qxd4+ {#R} 0-1

[Event "ch-CZE 2017"]
[Site "Ostrava CZE"]
[Date "2017.04.29"]
[Round "1.22"]
[White "Ockay,T"]
[Black "Zwardon,V"]
[Result "0-1"]
[WhiteElo "2107"]
[BlackElo "2406"]

1.Nf3 c5 2.b3 Nf6 3.Bb2 g6 4.c4 Bg7 5.g3 d6 6.Bg2 e5 7.Nc3 Nc6 8.O-O O-O 9.d3
h6 10.Qd2 Rb8 11.a3 a6 12.Nd5 b5 13.Nxf6+ Qxf6 14.Bc3 Nd4 15.Bxd4 exd4 16.Rfb1
Re8 17.Rb2 Rb7 18.Ne1 Rbe7 19.Bc6 Bd7 20.Bd5 Bg4 21.Be4 h5 22.Ng2 Rxe4 23.dxe4
d3 24.Rab1 Bxe2 25.Nf4 Rxe4 26.Nxd3 Qf3 27.Ne1 Qf5 28.Ng2 Bf3 29.Ne1 Re2
30.Nxf3 Rxd2 31.Nxd2 Bd4 32.Nf1 Bxf2+ {#R} 0-1

[Event "ch-CZE 2017"]
[Site "Ostrava CZE"]
[Date "2017.04.29"]
[Round "1.23"]
[White "Dolezal,Ra1"]
[Black "Kolar,St"]
[Result "1-0"]
[WhiteElo "2399"]
[BlackElo "2094"]

1.e4 d5 2.exd5 Nf6 3.c4 c6 4.d4 cxd5 5.Nc3 e6 6.Nf3 Nc6 7.a3 Be7 8.Bd3 O-O
9.O-O h6 10.Re1 b6 11.cxd5 exd5 12.Bf4 Be6 13.Rc1 Bd6 14.Bxd6 Qxd6 15.Nb5 Qd7
16.Ne5 Nxe5 17.dxe5 Ne8 18.Nd4 Nc7 19.f4 g6 20.f5 Bxf5 21.Bxf5 gxf5 22.Qh5 Ne6
23.Nxf5 Ng7 24.Nxh6+ Kh7 25.Qh4 Qd8 26.Qh3 Qg5 27.Ng4+ Kg6 28.Rf1 Ne6 29.Rf6+
Kg7 30.Rcf1 Rac8 31.Qf3 Rc7 32.Rxe6 Rc1 33.Qf6+ Qxf6 34.exf6+ Kg6 35.Re5 Rc5
36.Rff5 Rc1+ 37.Kf2 Rfc8 38.Rg5+ Kh7 39.Rg7+ {#r} 1-0

[Event "ch-CZE 2017"]
[Site "Ostrava CZE"]
[Date "2017.04.29"]
[Round "1.25"]
[White "Vavra,P1"]
[Black "Kabelka,Ondrej"]
[Result "1-0"]
[WhiteElo "2390"]
[BlackElo "2069"]

1.d4 e6 2.e4 d5 3.Nc3 Bb4 4.a3 Bxc3+ 5.bxc3 dxe4 6.Qg4 Nf6 7.Qxg7 Rg8 8.Qh6 c5
9.Ne2 Bd7 10.g3 Bc6 11.Bg2 Nbd7 12.O-O Qa5 13.dxc5 O-O-O 14.Nd4 Bd5 15.c6 Bxc6
16.Nxc6 bxc6 17.Rb1 Ng4 18.Qf4 f5 19.Qd6 Qd5 20.Qb4 Nb6 21.f3 Nf6 22.Be3 Rd7
23.Bxb6 Rb7 24.fxe4 Qd7 25.Qd4 axb6 26.Qxf6 {#r} 1-0

[Event "ch-CZE 2017"]
[Site "Ostrava CZE"]
[Date "2017.04.29"]
[Round "1.27"]
[White "Vlasak,Lu"]
[Black "Malinovsky,P"]
[Result "1-0"]
[WhiteElo "2375"]
[BlackElo "2024"]

1.e4 c5 2.Nf3 e6 3.d4 cxd4 4.Nxd4 Nf6 5.Nc3 Nc6 6.Ndb5 Bc5 7.Bf4 e5 8.Be3 Bxe3
9.Nd6+ Kf8 10.fxe3 Ne8 11.Nxe8 Kxe8 12.Bc4 Na5 13.Bxf7+ Kxf7 14.O-O+ Ke7
15.Qd5 Qb6 16.Qxe5+ Kd8 17.Nd5 {#r} 1-0

[Event "ch-CZE 2017"]
[Site "Ostrava CZE"]
[Date "2017.04.29"]
[Round "1.29"]
[White "Caletka,R"]
[Black "Solc,Filip"]
[Result "1-0"]
[WhiteElo "2349"]
[BlackElo "2005"]

1.c4 e5 2.Nc3 Nc6 3.e3 f5 4.d4 Bb4 5.d5 Nce7 6.Bd2 Bxc3 7.Bxc3 d6 8.f4 Ng6
9.Nf3 Qe7 10.fxe5 Nxe5 11.Nxe5 dxe5 12.Bd3 e4 13.Be2 Nf6 14.Qd4 O-O 15.O-O Rd8
16.Rad1 a5 17.Qe5 Kf8 18.Qg3 b5 19.cxb5 Nxd5 20.Bd4 Be6 21.Rc1 Kg8 22.Bc4 Rac8
23.Qe5 Rd7 24.Rxf5 Qd6 25.Rg5 Qxe5 26.Rxe5 Bf7 27.Rxe4 Rcd8 28.a3 Nf6 29.Bxf6
gxf6 30.Bxf7+ Kxf7 31.Rd4 Rxd4 32.exd4 Rd7 33.Kf2 Ke6 34.Ke3 Rd5 35.Rc5 Rd7
36.Kd3 f5 37.Rc6+ Kf7 38.Kc4 f4 39.d5 {#r} 1-0

[Event "ch-CRO 2017"]
[Site "Valpovo CRO"]
[Date "2017.04.29"]
[Round "5.1"]
[White "Saric,Iv"]
[Black "Martinovic,Sa"]
[Result "0-1"]
[WhiteElo "2609"]
[BlackElo "2551"]

1.e4 e6 2.d4 d5 3.Nc3 Nf6 4.e5 Nfd7 5.f4 c5 6.Nf3 Be7 7.Be3 O-O 8.Qd2 Nc6
9.dxc5 Qa5 10.O-O-O b6 11.Bb5 Nb4 12.a3 bxc5 13.Bxd7 Bxd7 14.axb4 cxb4 15.Nb1
Rfc8 16.Rdf1 Qa2 17.f5 exf5 18.Nd4 a5 19.Qd3 a4 20.Nxf5 Bxf5 21.Qxf5 a3 22.Bd4
Qc4 23.Rf4 Bg5 24.Be3 Bxf4 25.Bxf4 g6 {#R} 0-1

[Event "ch-CRO 2017"]
[Site "Valpovo CRO"]
[Date "2017.04.29"]
[Round "5.3"]
[White "Bosiocic,Mari"]
[Black "Jovanic,O"]
[Result "1-0"]
[WhiteElo "2610"]
[BlackElo "2492"]

1.e4 e5 2.Nf3 Nf6 3.Nxe5 d6 4.Nf3 Nxe4 5.d4 d5 6.Bd3 Nc6 7.O-O Be7 8.Nc3 Nxc3
9.bxc3 Bg4 10.Rb1 Rb8 11.Re1 O-O 12.Bf4 Bh5 13.Re3 Bd6 14.Bxd6 Qxd6 15.Qd2
Bxf3 16.Rxf3 b6 17.Rh3 h6 18.g4 f6 19.Re1 Rbe8 20.Rhe3 Rxe3 21.Qxe3 Rf7
22.Qe8+ Rf8 23.Qe6+ Qxe6 24.Rxe6 Nb8 25.Re7 Rc8 26.Bf5 Kf8 27.Rxg7 Kxg7
28.Bxc8 Nc6 29.Be6 Ne7 30.Kg2 Kg6 31.Kg3 a5 32.f3 Kg7 33.h4 Kg6 34.Kf4 Kg7
35.h5 Kf8 36.Ke3 Ke8 37.f4 Kf8 38.Kd2 Ke8 39.Kc1 Kd8 40.Bf7 Kd7 41.g5 fxg5
42.fxg5 {#r} 1-0

[Event "ch-NED Junior 2017"]
[Site "Assen NED"]
[Date "2017.04.29"]
[Round "9.3"]
[White "Warmerdam,Max"]
[Black "De Boer,Bas"]
[Result "1-0"]
[WhiteElo "2351"]
[BlackElo "2107"]

1.e4 c5 2.Nf3 e6 3.d4 cxd4 4.Nxd4 Nc6 5.Nc3 Qc7 6.Be3 a6 7.Qd2 Nf6 8.f4 Bb4
9.Bd3 Na5 10.a3 Bxc3 11.Qxc3 Qxc3+ 12.bxc3 d5 13.exd5 exd5 14.Nb3 Nc4 15.Bd4
O-O 16.Bxf6 gxf6 17.Bxc4 dxc4 18.Nd4 Re8+ 19.Kf2 Bd7 20.Rhe1 Bc6 21.Rab1 Be4
22.Rb6 f5 23.Re3 Rad8 24.Rh6 Kg7 25.Reh3 Bxc2 26.Rxh7+ Kf6 27.R7h6+ Kg7
28.Rh7+ Kf6 29.R3h6+ Ke7 30.Re6+ {#r} 1-0

[Event "ch-NED Junior 2017"]
[Site "Assen NED"]
[Date "2017.04.29"]
[Round "9.4"]
[White "Van Dael,Siem"]
[Black "Beerdsen,Thomas"]
[Result "0-1"]
[WhiteElo "2051"]
[BlackElo "2446"]

1.e4 c5 2.Nf3 d6 3.d4 cxd4 4.Nxd4 Nf6 5.Nc3 a6 6.Be3 e6 7.f3 b5 8.Qd2 Nbd7
9.O-O-O Bb7 10.g4 Rc8 11.g5 Nh5 12.Nb3 Ne5 13.Qf2 Nc4 14.Bxc4 Rxc4 15.h4 Be7
16.Na5 Rxc3 17.Nxb7 Qc7 18.bxc3 Qxb7 19.Rd3 O-O 20.Kd2 Rc8 21.Rb1 Qc6 22.Ke1
Rf8 23.Qg2 f5 24.gxf6 Nxf6 25.Qh3 d5 26.e5 Nh5 27.Qg4 Rf5 28.f4 g6 29.a4 b4
30.a5 Qc4 31.Kd2 bxc3+ 32.Ke2 Nxf4+ 33.Bxf4 Qe4+ 34.Kd1 Qh1+ 35.Ke2 Qxb1
36.Rxc3 Qb4 37.Rf3 Qe4+ 38.Kd2 Kf7 {#R} 0-1

[Event "ch-NED Junior 2017"]
[Site "Assen NED"]
[Date "2017.04.29"]
[Round "9.5"]
[White "Kalle,Erwin"]
[Black "Van Hoorn,Geert"]
[Result "0-1"]
[WhiteElo "2039"]
[BlackElo "1952"]

1.e4 c5 2.Nf3 d6 3.d4 cxd4 4.Nxd4 Nf6 5.Nc3 g6 6.Be3 Bg7 7.f3 O-O 8.Qd2 Nc6
9.O-O-O Nxd4 10.Bxd4 Be6 11.h4 Qa5 12.Kb1 Rfc8 13.a3 Rab8 14.g4 b5 15.Nd5 Qxd2
16.Nxf6+ Bxf6 17.Rxd2 Bxd4 18.Rxd4 a5 19.g5 b4 20.axb4 axb4 21.Bh3 b3 22.Bxe6
bxc2+ 23.Kc1 fxe6 24.Rd2 Ra8 {#R} 0-1

[Event "ch-NED Junior 2017"]
[Site "Assen NED"]
[Date "2017.04.29"]
[Round "9.6"]
[White "Vereggen,L"]
[Black "Elgersma,Simon"]
[Result "1-0"]
[WhiteElo "2334"]
[BlackElo "2189"]

1.d4 Nf6 2.c4 g6 3.f3 c5 4.d5 d6 5.e4 e6 6.Ne2 exd5 7.cxd5 Bg7 8.Nec3 O-O
9.Be2 Ne8 10.O-O f5 11.exf5 gxf5 12.Be3 f4 13.Bf2 Qg5 14.Re1 Bf5 15.Nd2 Nd7
16.Nde4 Qg6 17.Kh1 Ne5 18.Qb3 Rf7 19.Rg1 Kh8 20.g3 c4 21.Qd1 Ng4 22.Bd4 Ne3
23.Qd2 Bxd4 24.gxf4 Bb6 25.Rxg6 Bxg6 26.Na4 Nf5 27.Nxb6 axb6 28.Qc3+ Kg8
29.Rg1 Kf8 30.Ng5 Re7 31.Qh8# 1-0

[Event "ch-NED Junior 2017"]
[Site "Assen NED"]
[Date "2017.04.29"]
[Round "9.8"]
[White "Damen,Jip"]
[Black "Nieczyporowski,Miki"]
[Result "1-0"]
[WhiteElo "1859"]
[BlackElo "1616"]

1.e4 c5 2.Nc3 d6 3.f4 Nf6 4.Nf3 Nc6 5.Bb5 Bd7 6.O-O a6 7.Bxc6 Bxc6 8.Qe1 e6
9.d3 Be7 10.Qg3 O-O 11.Ng5 h6 12.Nf3 Re8 13.f5 Kh8 14.fxe6 fxe6 15.Ne2 e5
16.Nh4 Nh5 17.Ng6+ Kh7 18.Qh3 Nf6 19.Nxe7 Qxe7 20.Qf5+ Kh8 21.Bxh6 Rf8 22.Bg5
Bd7 23.Qf2 Kg8 24.Qh4 Kf7 25.Ng3 Rh8 26.Nh5 Kg6 27.Bxf6 gxf6 28.Rxf6+ Qxf6
29.Qxf6+ Kxh5 30.Qf7+ {#r} 1-0